Estatísticas para Cultura Geral

Clique aqui para jogar o quiz

Estatísticas Gerais

  • Esse quiz foi jogado 25 vezes
  • A pontuação média é 7 de 15

Estatísticas das Respostas

HintResposta% Correto
Em que colidiu o Titanic?Iceberg
87%
Em que país começou o Renascentismo?Itália
87%
Além do espanhol, qual idioma é comumente falado em Barcelona?Catalão
83%
Qual é o fruto da figueira?Figo
83%
Quem é o fundador do Facebook?Mark Zuckerberg
74%
Quem era o presidente dos EUA quando a guerra do Iraque começou?George W. Bush
61%
Quem é o fundador da Amazon?Jeff Bezos
61%
Quem era o ditador do Iraque quando a guerra do país começou?Saddam Hussein
48%
Qual empresa automobilística americana recebeu o nome de um inventor sérvio?Tesla
43%
Quem canta a música "Someone You Loved"?Lewis Capaldi
30%
Quem pintou "The Starry Night"?Vincent Van Gogh
30%
Que famosa região vinícola fica no sudoeste da França?Bordeaux
22%
Quem já apareceu na capa da Sports Illustrated um recorde de 50 vezes?Michael Jordan
22%
A que filme pertence a música "All That Jazz"?Chicago
4%
A que filme pertence a música "Stayin' Alive"?Saturday Night Fever
4%

Distribuição das Pontuações

Percentil de Números Respondidos

Porcentagem de Pessoas com Cada Pontuação

Sua Pontuação Histórica

Você não jogou esse quiz